L'odeur des tissus (Record no. 14022)

MARC details
010 ## - Numéro international normalisé du livre (ISBN)
ISBN 9791095481263
Disponibilité et/ou prix 10 EUR
099 ## - Visibilité opac
notice masquée en opac Non
100 ## - Données générales de traitement
Données générales de traitement 20240124d2023 m y0frey50 ba
101 0# - Langue de la ressource
Langue du texte, de la bande son, etc. français
102 ## - Pays de publication ou de production
Pays de publication France
200 1# - Titre et mention de responsabilité
Titre propre L'odeur des tissus
Indication générale du type de document Livre
214 #0 - Mentions de production, publication, diffusion et manufacture
Nom de l’éditeur Théâtre ouvert éditions
Date de publication DL 2023
214 #3 - Mentions de production, publication, diffusion et manufacture
Nom de l’éditeur Impr. Média graphic
215 ## - Description physique
Nombre de pages 1 vol. (88 p.)
225 ## - Collection
Titre de la collection Tapuscrit
Numéro de collection 159
300 ## - Notes générales
Texte de la note Bibliogr., 1 p.
323 ## - Nombre de personnages
Texte de la note 11 personnages
330 ## - Résumé ou extrait
Texte de la note Tout se passe dans une résidence destinée à des femmes. Sept pensionnaires y cultivent gaiment leur faculté d’émerveillement avec l’aide de Claudia, la dévouée directrice. Au travers d’activités manuelles, artistiques, ou encore par la pratique de la discussion, elles s’essayent, tant bien que mal, à l’art de la joie.
610 ## - Mot-clé
Mot-clé Collectif
-- Sororité
700 ## - Auteur principal
Nom Tamisier
Prénom Lydie
Dates 1991-....
105 ## - Zone de données codées : textes, monographies
Données codées sur les monographies textuelles ||||z 00|a|
181 #0 - Zone de données codées : Forme de la ressource
Données de liaison entre champs 01
Forme du contenu selon l’ISBD sous forme codée i
Qualificatif(s) du contenu selon l’ISBD sous forme codée xxxe
181 ## - Zone de données codées : Forme de la ressource
Données de liaison entre champs 02
Autre référentiel utilisé pour coder la forme du contenu texte
Code du référentiel rdacontent
182 #0 - Zone de données codées : type de média
Données de liaison entre champs 01
Type de médiation selon l’ISBD sous forme codée sans média
182 ## - Zone de données codées : type de média
Données de liaison entre champs 02
Autre référentiel utilisé pour coder le type de médiation sans média
Code du référentiel rdamedia
214 #0 - Mentions de production, publication, diffusion et manufacture
Lieu de publication, production, distribution/diffusion, fabrication Paris
214 #3 - Mentions de production, publication, diffusion et manufacture
Lieu de publication, production, distribution/diffusion, fabrication 35-Rennes
215 ## - Description physique
Dimensions 20 cm
305 ## - Note sur l'édition et l'histoire bibliographique
Texte de la note Création : Paris (fr) : Théâtre Ouvert, 202210
410 #0 - Collection
Identifiant de la notice bibliographique liée 34226913
410 #0 - Collection
Titre de l'oeuvre Tapuscrit (Paris. 1978)
ISSN 0183-8229
Numéro de volume 159
620 2# - accès par le lieu et la date
Ville, etc. Paris
Pays fr
Lieu précis, salle, etc Théâtre Ouvert
Date 202210
686 ## - Autres numéros de classification
Indice 802
Code du format utilisé Cadre de classement de la Bibliographie nationale française
700 ## - Auteur principal
Identifiant de la notice d'autorité 18130476
Identifiant international normalisé pour les noms ISNI0000000514185023
Code de fonction Auteur
801 #0 - Origine de la notice
Pays FR
Agence de catalogage FR-751131015
Date de la transaction 20240124
Règles de catalogage utilisées AFNOR
Identifiant d'origine FRBNF474030620000004
Code du format utilisé intermrc
000 -Etiquette de la notice
Leader 01702cam a2200457 4500
003 - Identifiant de la notice
Identifiant http://catalogue.bnf.fr/ark:/12148/cb47403062d
005 - Identifiant de la version
Identifiant 20260225170230.0
020 ## - Numéro de l'agence bibliographique nationale
Code de pays France
Indice 02409520
073 #0 - EAN
Numéro normalisé 9780201379624
Holdings
Exclu du prêt Date de création Site actuel Code barre Date prix de remplacement Cote Statut Site de rattachement Type de document Koha
  25.02.2026 Théâtre Joliette JOL-007723 25.02.2026 TH TAM 11   Théâtre Joliette Livre